| 000 | 01522nam0a22002771 4500 | ||
|---|---|---|---|
| 001 | rc\3528437 | ||
| 005 | 20130115143713.9 | ||
| 021 |
_aRU _b[69-108462] |
||
| 035 | _a(NLR Aleph) 007664335 | ||
| 090 |
_a6365995 _c6365995 |
||
| 100 | _a20130115d1969 |||y0rusy50 ca | ||
| 101 | 0 | _arus | |
| 102 | _aRU | ||
| 105 | _ay z ||||| | ||
| 200 | 1 |
_aПути использования распадающихся конверторных шлаков Новолипецкого металлургического завода для устройства дорожных одежд _e[Доклад _fЦентр. правл. НТО автомоб. транспорта и дор. хоз-ва. М-во трансп. строительства СССР. Гос. всесоюз. дор. науч.-исслед. ин-т "Союздорнии". Науч.-техн. конференция о развитии дор. строительства с использованием укрепл. каменных материалов |
|
| 210 |
_aМосква _cБ. и. _d1969] |
||
| 215 |
_a7 с. _d20 |
||
| 300 | _aОписано по 3-й с. На тит. л. только надзаголовок | ||
| 606 |
_aМеталлургические шлаки _xПрименение в дорожном строительстве _2psbo |
||
| 606 |
_aШлакобетон _2psbo |
||
| 700 | 1 |
_aВведенский _bВ. П. |
|
| 801 | 0 |
_aRU _bNLR _gpsbo |
|
| 801 | 1 |
_aRU _bELAR _2rusmarc |
|
| 852 |
_aNLR _j69-4/30942 |
||
| 942 | _cBOOK | ||
| 980 | _aNB | ||